000 00599cam a22002052 4500
001 0000009196
005 20151217145847.0
008 080912s xx 000 0 eng d
020 _a0135137406 :
_cKES 9000
040 _aKABU
_cKABU
100 1 _aGreene, William H.
_@0000149922
245 1 0 _aEconometric analysis /
_cWilliam H. Greene.
250 _a6th ed.
260 _aUpper Saddle River NJ. :
_bPearson Education,
_c2008.
300 _axxxvii, 1178 p.
650 0 _aEconometrics.
_@0000148275
908 _a080912
950 _@1
999 _c3388
_d3388